000 00394nam a2200169Ia 4500
008 210210b1942 xxu||||| |||| 00| 0 eng d
041 _aeng
082 _a825/164
100 _aCHAMBERS (E K)
245 _aSheaf of studies
260 _aLondon
_bOxford University Press
_c1942
650 _astudies
650 _aSheaf
650 _aof
690 _aEnglish Criticism
906 _a014481
999 _c133664
_d133664